| 000 | 01267 a2200217 4500 | ||
|---|---|---|---|
| 003 | Nust | ||
| 005 | 20221014125432.0 | ||
| 010 | _a 76021324 | ||
| 020 | _a0132506130 | ||
| 040 | _cNust | ||
| 082 | 0 | 0 | _a604.2,RAS |
| 100 | 1 |
_aRaskhodoff, Nicholas M. _978273 |
|
| 245 | 1 | 0 |
_aElectronic drafting and design / _cNicholas M. Raskhodoff. |
| 250 | _a3rd ed. | ||
| 260 |
_aEnglewood Cliffs, N.J. : _bPrentice-Hall, _cc1977. |
||
| 300 |
_axvii, 555 p. : _bill. ; _c24 cm. |
||
| 505 | _aDrawing Procedures (Page-1), Drawing Practices (Page-37), Drafting Room Routine (Page-57), Components in Electronics (Page-72), Fasteners, Material and Finishes (Page-121),Governmental Requirements (Page-145), Engineering Standards and Specifications (Page-155),General Electronic Design (Page-161),Graphics Symbols (Page-220), Reference Designations (Page-263), Schematic Diagrams (Page-281),Connection or Wiring Diagrams (Page-340), Printed Circuitry (Page-384), Industrial Electronic Diagrams (Page-436),Wiring Harnesses (Page-457), Checking Electronic Drawings (Page-472), Graphics Drawings (Page-480), Block Diagrams (Page-508). | ||
| 650 | 0 |
_aElectronic apparatus and appliances _xDesign and construction. _9100328 |
|
| 650 | 0 |
_aElectronic drafting. _937543 |
|
| 942 |
_2ddc _cBK |
||
| 999 |
_c183032 _d183032 |
||